Der Gedanke des Nichts und die Frage nach Gott
| Main Author: | |
|---|---|
| Format: | Print Article |
| Language: | German |
| Check availability: | HBZ Gateway |
| Interlibrary Loan: | Interlibrary Loan for the Fachinformationsdienste (Specialized Information Services in Germany) |
| Published: |
2001
|
| In: |
Mitdenken über Gott und den Menschen
Year: 2001, Pages: 36-54 |
| Standardized Subjects / Keyword chains: | B
Nothing
/ Existence of God
/ Religious philosophy
|
| RelBib Classification: | AB Philosophy of religion; criticism of religion; atheism NBC Doctrine of God |
| Further subjects: | B
Existence of God
B Nothing B question of God |
MARC
| LEADER | 00000caa a22000002c 4500 | ||
|---|---|---|---|
| 001 | 1443895245 | ||
| 003 | DE-627 | ||
| 005 | 20240620173304.0 | ||
| 007 | tu | ||
| 008 | 121112s2001 xx ||||| 00| ||ger c | ||
| 020 | |a 3825849473 | ||
| 035 | |a (DE-627)1443895245 | ||
| 035 | |a (DE-576)373895240 | ||
| 035 | |a (DE-599)BSZ373895240 | ||
| 040 | |a DE-627 |b ger |c DE-627 |e rakwb | ||
| 041 | |a ger | ||
| 084 | |a 1 |2 ssgn | ||
| 100 | 1 | |0 (DE-588)132813815 |0 (DE-627)526987529 |0 (DE-576)299431487 |4 aut |a Schmidt, Josef |d 1946- | |
| 109 | |a Schmidt, Josef 1946- |a Schmidt, Joseph 1946- | ||
| 245 | 1 | 4 | |a Der Gedanke des Nichts und die Frage nach Gott |c Josef Schmidt |
| 264 | 1 | |c 2001 | |
| 336 | |a Text |b txt |2 rdacontent | ||
| 337 | |a ohne Hilfsmittel zu benutzen |b n |2 rdamedia | ||
| 338 | |a Band |b nc |2 rdacarrier | ||
| 650 | 4 | |a Nichts | |
| 650 | 4 | |a Gottesfrage | |
| 650 | 4 | |a Gottesfrage | |
| 650 | 4 | |a question of God | |
| 652 | |a AB:NBC | ||
| 689 | 0 | 0 | |d s |0 (DE-588)4042122-3 |0 (DE-627)106216031 |0 (DE-576)20904862X |2 gnd |a Nichts |
| 689 | 0 | 1 | |d s |0 (DE-588)4131943-6 |0 (DE-627)10415165X |0 (DE-576)209631457 |2 gnd |a Gottesfrage |
| 689 | 0 | 2 | |d s |0 (DE-588)4049415-9 |0 (DE-627)104598581 |0 (DE-576)209081953 |2 gnd |a Religionsphilosophie |
| 689 | 0 | |5 (DE-627) | |
| 773 | 0 | 8 | |i In |t Mitdenken über Gott und den Menschen |d Münster [u.a.] : Lit, 2001 |g (2001), S. 36-54 |h 305 S |w (DE-627)333328248 |w (DE-576)096088753 |z 3825849473 |7 nnam |
| 773 | 1 | 8 | |g year:2001 |g pages:36-54 |
| 889 | |w (DE-576)465484964 | ||
| 889 | |w (DE-627)1535484969 | ||
| 889 | |w (DE-627)1863425802 | ||
| 889 | |w (DE-627)597290725 | ||
| 935 | |a mteo | ||
| 935 | |i mdedup | ||
| 951 | |a AR | ||
| ELC | |b 1 | ||
| ITA | |a 1 |t 1 | ||
| LOK | |0 000 xxxxxcx a22 zn 4500 | ||
| LOK | |0 001 2914770936 | ||
| LOK | |0 003 DE-627 | ||
| LOK | |0 004 1443895245 | ||
| LOK | |0 005 20240620172839 | ||
| LOK | |0 008 160404||||||||||||||||ger||||||| | ||
| LOK | |0 040 |a DE-Tue135 |c DE-627 |d DE-Tue135 | ||
| LOK | |0 092 |o n | ||
| LOK | |0 852 |a DE-Tue135 | ||
| LOK | |0 852 1 |9 00 | ||
| LOK | |0 935 |a ixfe |a ixmi | ||
| LOK | |0 936ln |0 1442051507 |a NBC | ||
| LOK | |0 936ln |0 1442042990 |a AB | ||
| LOK | |0 939 |a 04-04-16 |b l01 | ||
| ORI | |a SA-MARC-ixtheoa001.raw | ||
| REL | |a 1 | ||
| STA | 0 | 0 | |a Existence of God,God,God question,Nothing,Nothing,Nothingness,Religious philosophy,Philosophy of religion,Religion |
| STB | 0 | 0 | |a Néant,Néant,Rien,Rien,Rien (motif),Rien,Philosophie des religions,Question de l’existence de Dieu |
| STC | 0 | 0 | |a Cuestión de la existencia de Dios,Filosofía de religión,Nada,Nada |
| STD | 0 | 0 | |a Filosofia della religione,Nulla <motivo>,Nulla,Niente,Niente,Niente (motivo),Niente,Questione dell'esistenza di Dio |
| STE | 0 | 0 | |a 宗教哲学,无,无,神存在的提问,上帝的存在性,上帝存在的提问 |
| STF | 0 | 0 | |a 宗教哲學,無,無,神存在的提問,上帝的存在性,上帝存在的提問 |
| STG | 0 | 0 | |a Filosofia da religião,Nada,Nada,Questão da existência de Deus |
| STH | 0 | 0 | |a Вопрос о существовании Бога,Ничто (мотив),Ничто,Философия религии |
| STI | 0 | 0 | |a Ερώτημα της ύπαρξης του Θεού,Τίποτα (μοτίβο),Τίποτα,Φιλοσοφία της θρησκείας |
| SUB | |a REL | ||
| SYE | 0 | 0 | |a Nichtsein , Existenz Gottes , Existenz Gottes |
| SYG | 0 | 0 | |a Nichtsein , Existenz Gottes |



